00249nam a2200109Ia 4500008004100000100002700041245001800068260000900086650002000095942000700115999001700122190216s9999||||xx |||||||||||||| ||und|| aKunhi Kuttan Thamburan 0aGadhyamanjary bNull aEssay Malayalam cBK c25408d25408